000 00714nam a22002537a 4500
001 BR9704716
003 BR-BrBNA
005 20230928095738.0
007 ta
008 230509b bl.||||| |||| 00| 0 por d
040 _aBR-BrBNA
_bpor
_cBiblioteca Nacional de Agricultura
041 _a(Por)
072 _aD50; N20
_b4690
090 _ 4690 BR9704716
110 1 _aSecretaria de Desenvolvimento Rural, Brasilia, DF (Brasil)
_98738
245 1 _aManual de servico para operadores de aviacao agricola
260 3 _aBrasilia, DF (Brasil):
_c1997.
300 _a98 p.
650 _aAviacao Agricola
650 _aLegislacao
650 _aTreinamento
909 _a202309
_bLucia
_c55
_dLucia Elande
942 _cBK
999 _c58420
_d58420